<?xml version="1.0" encoding="UTF-8"?>
<record
    xmlns:xsi="http://www.w3.org/2001/XMLSchema-instance"
    xsi:schemaLocation="http://www.loc.gov/MARC21/slim http://www.loc.gov/standards/marcxml/schema/MARC21slim.xsd"
    xmlns="http://www.loc.gov/MARC21/slim">

  <leader>00642nam a2200205Ia 4500</leader>
  <controlfield tag="001">45424</controlfield>
  <controlfield tag="003">OSt</controlfield>
  <controlfield tag="005">20160421153544.0</controlfield>
  <controlfield tag="008">140428s9999    xx            000 0 und d</controlfield>
  <datafield tag="020" ind1=" " ind2=" ">
    <subfield code="a">NA</subfield>
  </datafield>
  <datafield tag="040" ind1=" " ind2=" ">
    <subfield code="c">PK-LaUMT</subfield>
  </datafield>
  <datafield tag="082" ind1=" " ind2=" ">
    <subfield code="a">R 320.51</subfield>
    <subfield code="b">LIB-</subfield>
  </datafield>
  <datafield tag="100" ind1=" " ind2=" ">
    <subfield code="a">Detmar Doering</subfield>
  </datafield>
  <datafield tag="245" ind1=" " ind2=" ">
    <subfield code="a">(&#x644;&#x628;&#x631;&#x627;&#x644;&#x632;&#x645;)Liberalism (Urdu)</subfield>
    <subfield code="b">(&#x627;&#x6CC;&#x6A9; &#x645;&#x637;&#x627;&#x644;&#x639;&#x6C1;)ek motalea</subfield>
    <subfield code="c">(&#x688;&#x62A;&#x645;&#x631; &#x688;&#x648;&#x6C1;&#x631;&#x646;&#x6AF;&#x640;(Detmar Doering</subfield>
  </datafield>
  <datafield tag="260" ind1=" " ind2=" ">
    <subfield code="a">(&#x627;&#x633;&#x644;&#x627;&#x645; &#x622;&#x628;&#x627;&#x62F;&#x60C; &#x67E;&#x627;&#x6A9;&#x633;&#x62A;&#x627;&#x646;)Islamabad,Pakistan:</subfield>
    <subfield code="b">(&#x641;&#x631;&#x6CC;&#x688;&#x631;&#x6A9; &#x646;&#x648;&#x645;&#x646; &#x641;&#x627;&#x648;&#x646;&#x688;&#x6CC;&#x634;&#x646;)Frederic Nomin Foundation,</subfield>
    <subfield code="c">2009</subfield>
  </datafield>
  <datafield tag="300" ind1=" " ind2=" ">
    <subfield code="a">140 p.</subfield>
  </datafield>
  <datafield tag="546" ind1=" " ind2=" ">
    <subfield code="a">UR</subfield>
  </datafield>
  <datafield tag="650" ind1=" " ind2=" ">
    <subfield code="a">Liberalism</subfield>
  </datafield>
  <datafield tag="942" ind1=" " ind2=" ">
    <subfield code="c">BK</subfield>
    <subfield code="2">ddc</subfield>
  </datafield>
  <datafield tag="999" ind1=" " ind2=" ">
    <subfield code="c">43392</subfield>
    <subfield code="d">43392</subfield>
  </datafield>
  <datafield tag="952" ind1=" " ind2=" ">
    <subfield code="0">0</subfield>
    <subfield code="1">0</subfield>
    <subfield code="2">ddc</subfield>
    <subfield code="4">0</subfield>
    <subfield code="7">0</subfield>
    <subfield code="a">01</subfield>
    <subfield code="b">01</subfield>
    <subfield code="d">2014-04-28</subfield>
    <subfield code="l">0</subfield>
    <subfield code="o">R 320.51 LIB-</subfield>
    <subfield code="p">49261</subfield>
    <subfield code="r">2014-05-06 00:00:00</subfield>
    <subfield code="w">2014-05-06</subfield>
    <subfield code="y">REF</subfield>
  </datafield>
  <datafield tag="952" ind1=" " ind2=" ">
    <subfield code="0">0</subfield>
    <subfield code="1">0</subfield>
    <subfield code="2">ddc</subfield>
    <subfield code="4">0</subfield>
    <subfield code="7">0</subfield>
    <subfield code="a">01</subfield>
    <subfield code="b">01</subfield>
    <subfield code="d">2014-06-26</subfield>
    <subfield code="l">1</subfield>
    <subfield code="o">R 320.51 LIB-</subfield>
    <subfield code="p">49262</subfield>
    <subfield code="r">2021-06-22 00:00:00</subfield>
    <subfield code="s">2021-05-19</subfield>
    <subfield code="w">2014-06-26</subfield>
    <subfield code="y">REF</subfield>
  </datafield>
</record>
